| 000 | 01394 a2200205 4500 | ||
|---|---|---|---|
| 999 |
_c38730 _d38730 |
||
| 020 | _a9789390095780 | ||
| 082 |
_a320.954 _bMOD- |
||
| 245 |
_aModi From Vision to Reality/ _bedited by R.K. Pachnanda |
||
| 260 |
_bPentagon Press, _c2023. _aNew Delhi: |
||
| 300 |
_axviii,162p. _e24cm |
||
| 504 | _ainclude index | ||
| 520 | _aModi: From Vision to Reality presents a fascinating and incredible narrative of Prime Minister Narendra Modi's inspirational vision, untiring resolve and achievement of a stable and prosperous India and how he has converted his inspirational vision into reality. From economic reforms to healthcare, poverty eradication, women empowerment, environmental sustainability, security, foreign relations and an overall growth in all sectors, this book covers every aspect of PM Modi`s "India First" policies that have brought a great leap forward in the country's development to unimaginable heights. With contributions from erudite authors in their respective fields, each chapter brings to light the unprecedented accomplishments of a government led by a determined Prime Minister who has rejuvenated and resurged India's unity, development and pride. | ||
| 650 | _aPolitics and government | ||
| 650 | _a21st century | ||
| 650 | _aEconomic policy | ||
| 650 | _aPolitical leadership | ||
| 650 | _zIndia | ||
| 700 |
_aPachnanda,R.K. _eEditor |
||
| 942 |
_2ddc _cBK |
||